[Event "Speed Chess Super Swiss"]
[Site "Chess.com INT"]
[Date "2020.10.03"]
[Round "8"]
[White "Janaszak, Dawid"]
[Black "Stripunsky, Alexander"]
[Result "1-0"]
[WhiteElo "2348"]
[BlackElo "2492"]
[PlyCount "91"]
[EventDate "2020.10.03"]
[EventType "swiss (blitz)"]
[EventRounds "15"]
[EventCountry "USA"]
[SourceTitle "CBM 198 Extra"]
[Source "ChessBase"]
[SourceDate "2020.11.30"]
[SourceVersion "1"]
[SourceVersionDate "2020.11.30"]
[SourceQuality "1"]

1. d4 d5 2. Nf3 Nc6 3. Bf4 Bg4 4. Nbd2 e6 5. e3 Bd6 6. Bg3 Nf6 7. Be2 Qe7 8. Ne5 Bxe2 9. Qxe2 Bxe5 10. dxe5 Nd7 11. f4 f6 12. exf6 Qxf6 13. 0-0-0 0-0-0 14. e4 Nb6 15. e5 Qg6 16. Nf3 d4 17. Rhe1 Rd5 18. Qe4 Qe8 19. Nxd4 Nxd4 20. Rxd4 Rxd4 21. Qxd4 Kb8 22. Rd1 a5 23. a3 Qb5 24. b3 Qc6 25. Rd2 h5 26. a4 h4 27. Be1 h3 28. gxh3 Rxh3 29. Bg3 Nd5 30. Kb2 b6 31. f5 Rh6 32. fxe6 Nb4 33. e7 Re6 34. c3 Na6 35. Qd7 Kb7 36. Qxc6+ Kxc6 37. Bh4 Nc5 38. Rd8 g5 39. Bxg5 Ne4 40. e8Q+ Rxe8 41. Rxe8 Nxg5 42. h4 Nf7 43. h5 Kd7 44. Rg8 Nxe5 45. h6 Nd3+ 46. Kb1 1-0

[Event "Speed Chess Super Swiss"]
[Site "Chess.com INT"]
[Date "2020.10.03"]
[Round "1"]
[White "Stripunsky, Alexander"]
[Black "Nilsson, Joakim"]
[Result "0-1"]
[WhiteElo "2492"]
[BlackElo "2224"]
[PlyCount "66"]
[EventDate "2020.10.03"]
[EventType "swiss (blitz)"]
[EventRounds "15"]
[EventCountry "USA"]
[SourceTitle "CBM 198 Extra"]
[Source "ChessBase"]
[SourceDate "2020.11.30"]
[SourceVersion "1"]
[SourceVersionDate "2020.11.30"]
[SourceQuality "1"]

1. d4 Nf6 2. Nf3 e6 3. Bf4 b6 4. e3 Bb7 5. Nbd2 Bd6 6. Bxd6 cxd6 7. Bd3 d5 8. Qe2 0-0 9. c3 Ne4 10. 0-0 d6 11. Rfc1 Nd7 12. Nf1 Rc8 13. N3d2 Ndf6 14. f3 Nxd2 15. Nxd2 e5 16. Rf1 Re8 17. Qf2 Qe7 18. Rae1 e4 19. fxe4 dxe4 20. Bb5 Bc6 21. Bxc6 Rxc6 22. Qg3 d5 23. Rf5 b5 24. Ref1 a5 25. Re5 Qf8 26. Rxe8 Qxe8 27. Rf5 b4 28. Nb3 bxc3 29. bxc3 Qc8 30. Nc5 Qxf5 31. Qb8+ Qc8 32. Qe5 h6 33. Qe7 Qc7 0-1

[Event "Continental op 49th"]
[Site "Sturbridge"]
[Date "2019.08.16"]
[Round "5"]
[White "Stripunsky, Alexander"]
[Black "Zherebukh, Yaroslav"]
[Result "0-1"]
[WhiteElo "2520"]
[BlackElo "2631"]
[PlyCount "54"]
[EventDate "2019.08.14"]
[EventType "swiss"]
[EventRounds "9"]
[EventCountry "USA"]
[SourceTitle "CBM 191 Extra"]
[Source "ChessBase"]
[SourceDate "2019.09.30"]
[SourceVersion "1"]
[SourceVersionDate "2019.09.30"]
[SourceQuality "1"]

1. e4 c6 2. d4 d5 3. exd5 cxd5 4. Bd3 Nc6 5. c3 Nf6 6. Bf4 g6 7. h3 Nh5 8. Bh2 Bh6 9. Ne2 0-0 10. Nd2 f6 11. Qc2 e5 12. g4 Ng7 13. f4 e4 14. Bb5 Ne6 15. Ba4 f5 16. g5 Bg7 17. Nf1 b5 18. Bb3 b4 19. Ne3 bxc3 20. bxc3 Ne7 21. a4 Qa5 22. 0-0 Ba6 23. Rfc1 Rac8 24. Qa2 Rfd8 25. Nd1 h6 26. h4 Nxd4 27. Nxd4 Bxd4+ 0-1

[Event "Continental op 49th"]
[Site "Sturbridge"]
[Date "2019.08.15"]
[Round "2"]
[White "Stripunsky, Alexander"]
[Black "Yanayt, Eugene"]
[Result "1-0"]
[WhiteElo "2520"]
[BlackElo "2264"]
[PlyCount "91"]
[EventDate "2019.08.14"]
[EventType "swiss"]
[EventRounds "9"]
[EventCountry "USA"]
[SourceTitle "CBM 191 Extra"]
[Source "ChessBase"]
[SourceDate "2019.09.30"]
[SourceVersion "1"]
[SourceVersionDate "2019.09.30"]
[SourceQuality "1"]

1. e4 c5 2. c3 d5 3. exd5 Qxd5 4. d4 g6 5. Nf3 Bg7 6. Na3 Nh6 7. Bc4 Qe4+ 8. Qe2 Qxe2+ 9. Bxe2 cxd4 10. Nxd4 Nf5 11. Nxf5 Bxf5 12. Nb5 Kd8 13. Bf4 Kc8 14. 0-0-0 Nc6 15. Rhe1 Rd8 16. Bc4 Rxd1+ 17. Rxd1 Ne5 18. Be2 a6 19. Nd4 Bd7 20. h3 b6 21. Re1 Ra7 22. Bxe5 Bxe5 23. Bxa6+ Rxa6 24. Rxe5 Kd8 25. a3 Ra7 26. f4 e6 27. h4 Ke7 28. Kd2 Ra4 29. g3 f6 30. Re3 Ra5 31. c4 Rc5 32. b3 h6 33. Kc3 Ra5 34. a4 g5 35. hxg5 hxg5 36. Ne2 e5 37. fxg5 fxg5 38. Kb4 Bc6 39. Nd4 Kd6 40. Nxc6 Kxc6 41. Rf3 e4 42. Rf6+ Kd7 43. Kc3 Re5 44. Kd2 Kc7 45. Ke3 Kb7 46. g4 1-0

[Event "World op 45th"]
[Site "Philadelphia"]
[Date "2017.07.03"]
[Round "6"]
[White "Stripunsky, Alexander"]
[Black "Nyzhnyk, Illya"]
[Result "1/2-1/2"]
[WhiteElo "2536"]
[BlackElo "2612"]
[PlyCount "58"]
[EventDate "2017.06.29"]
[EventType "swiss"]
[EventRounds "9"]
[EventCountry "USA"]
[SourceTitle "CBM 179 Extra"]
[Source "ChessBase"]
[SourceDate "2017.08.23"]
[SourceVersion "1"]
[SourceVersionDate "2017.08.23"]
[SourceQuality "1"]

1. e4 e6 2. d4 d5 3. Nd2 c5 4. exd5 Qxd5 5. dxc5 Nf6 6. Ngf3 Qxc5 7. Bd3 Nbd7 8. 0-0 Qc7 9. Re1 Be7 10. b3 0-0 11. Bb2 b6 12. Ne5 Nc5 13. Bf1 Bb7 14. c4 Nce4 15. Nxe4 Bxe4 16. Bd3 Rad8 17. Qe2 Bxd3 18. Nxd3 Nd7 19. Rad1 Bf6 20. Bxf6 Nxf6 21. Qe5 Rd6 22. Kf1 Rfd8 23. Nb2 R8d7 24. Rxd6 Rxd6 25. Qe2 Rd4 26. Kg1 Qd6 27. Rd1 Ne4 28. Rd3 f5 29. g3 Nc5 1/2-1/2

[Event "PRO League Stage"]
[Site "Chess.com INT"]
[Date "2017.02.22"]
[Round "7"]
[White "Abrahams, Steven"]
[Black "Stripunsky, Alexander"]
[Result "0-1"]
[WhiteElo "2055"]
[BlackElo "2536"]
[PlyCount "118"]
[EventDate "2017.01.11"]
[EventType "team-swiss (rapid)"]
[EventRounds "7"]
[EventCountry "USA"]
[SourceTitle "EXT 2018"]
[Source "ChessBase"]
[SourceDate "2017.10.13"]
[SourceVersion "1"]
[SourceVersionDate "2017.10.13"]
[SourceQuality "1"]
[WhiteTeam "Miami Champions"]
[BlackTeam "New Jersey Knockouts"]
[WhiteTeamCountry "USA"]
[BlackTeamCountry "USA"]

1. e4 c5 2. Nf3 e6 3. d4 cxd4 4. Nxd4 a6 5. Bd3 Qc7 6. 0-0 Nf6 7. c4 Nc6 8. Nb3 b6 9. f4 d6 10. Qe2 Bb7 11. Nc3 Be7 12. Be3 Nd7 13. Rac1 Nc5 14. Nxc5 bxc5 15. b3 Bf6 16. Qd2 Bd4 17. Ne2 Bxe3+ 18. Qxe3 e5 19. Nc3 Nd4 20. Nd5 Qd8 21. Qg3 0-0 22. fxe5 dxe5 23. Qxe5 f6 24. Qg3 Kh8 25. Rce1 Nc6 26. Be2 Ne5 27. Bg4 Qd6 28. Bf5 g6 29. Bg4 Rad8 30. Rd1 Nc6 31. Qh4 f5 32. exf5 Nd4 33. fxg6 Qxg6 34. Rxf8+ Rxf8 35. Qe7 Re8 36. Qf6+ Qxf6 37. Nxf6 Rd8 38. h3 a5 39. Re1 Kg7 40. Re7+ Kxf6 41. Rxb7 Ra8 42. Kf2 a4 43. Rxh7 axb3 44. axb3 Nxb3 45. Rh6+ Ke5 46. Rb6 Nd4 47. Be2 Ra2 48. Rh6 Rxe2+ 49. Kg3 Rc2 50. Rh5+ Kd6 51. Rd5+ Kc6 52. Rg5 Rxc4 53. h4 Ne6 54. Rg6 Kd6 55. h5 Rc1 56. h6 Rh1 57. Kg4 c4 58. Kf3 c3 59. Rg8 c2 0-1

[Event "PRO League Stage"]
[Site "Chess.com INT"]
[Date "2017.02.15"]
[Round "6"]
[White "Stripunsky, Alexander"]
[Black "Biag, Ivan Gil"]
[Result "1-0"]
[WhiteElo "2536"]
[BlackElo "2337"]
[PlyCount "105"]
[EventDate "2017.01.11"]
[EventType "team-swiss (rapid)"]
[EventRounds "7"]
[EventCountry "USA"]
[SourceTitle "CBM 176 Extra"]
[Source "ChessBase"]
[SourceDate "2017.03.02"]
[SourceVersion "1"]
[SourceVersionDate "2017.03.02"]
[SourceQuality "1"]
[WhiteTeam "New Jersey Knockouts"]
[BlackTeam "New York Knights"]
[WhiteTeamCountry "UAE"]
[BlackTeamCountry "USA"]

1. e4 c6 2. d4 d5 3. exd5 cxd5 4. Bd3 Nc6 5. c3 Qc7 6. Ne2 Bg4 7. Na3 e6 8. Nb5 Qd7 9. Bf4 Rc8 10. a4 a6 11. Na3 Bd6 12. Bxd6 Qxd6 13. 0-0 Nf6 14. Qd2 Bh5 15. Rfe1 Bg6 16. Nf4 Bxd3 17. Nxd3 Ne4 18. Qe3 0-0 19. f3 Nf6 20. Qf2 Rfe8 21. Nc2 Nd7 22. Re2 Re7 23. a5 Rce8 24. b4 Na7 25. Ne3 Nb5 26. Qe1 Nf8 27. Nc5 Ng6 28. g3 Qd8 29. Qd2 Nd6 30. Rae1 Nf8 31. Ng4 f6 32. Nf2 Nc4 33. Qd3 Qd6 34. Ng4 Qc6 35. Ne3 Nxe3 36. Rxe3 Nd7 37. Qe2 Nxc5 38. dxc5 e5 39. Qa2 Qe6 40. Rd1 Rd8 41. Kg2 Kf7 42. f4 Qc6 43. fxe5 Rxe5 44. Rxe5 fxe5 45. Qf2+ Kg8 46. Rf1 h6 47. Qf7+ Kh8 48. Qe7 d4+ 49. Kg1 Rd7 50. Qe8+ Kh7 51. Rf8 g5 52. Rh8+ Kg7 53. Qf8+ 1-0

[Event "PRO League Stage"]
[Site "Chess.com INT"]
[Date "2017.02.15"]
[Round "6"]
[White "Yudasin, Leonid"]
[Black "Stripunsky, Alexander"]
[Result "1/2-1/2"]
[WhiteElo "2517"]
[BlackElo "2536"]
[PlyCount "103"]
[EventDate "2017.01.11"]
[EventType "team-swiss (rapid)"]
[EventRounds "7"]
[EventCountry "USA"]
[SourceTitle "CBM 176 Extra"]
[Source "ChessBase"]
[SourceDate "2017.03.02"]
[SourceVersion "1"]
[SourceVersionDate "2017.03.02"]
[SourceQuality "1"]
[WhiteTeam "New York Knights"]
[BlackTeam "New Jersey Knockouts"]
[WhiteTeamCountry "USA"]
[BlackTeamCountry "UAE"]

1. e4 c5 2. Nf3 e6 3. b3 d6 4. Bb5+ Nd7 5. Bb2 Ngf6 6. Qe2 a6 7. Bd3 g6 8. e5 dxe5 9. Nxe5 Bg7 10. 0-0 0-0 11. Re1 Nd5 12. Bc4 Nxe5 13. Bxe5 Nb4 14. Bxg7 Kxg7 15. Qe5+ Qf6 16. Qxf6+ Kxf6 17. Rc1 b5 18. Bf1 Nc6 19. Nc3 Rd8 20. a4 b4 21. Ne4+ Ke7 22. d3 f5 23. Nd2 Bb7 24. c3 Rac8 25. Nc4 bxc3 26. Rxc3 Nb4 27. Re1 Bd5 28. Nb6 Rc6 29. a5 Kf6 30. g3 Bf3 31. d4 Be4 32. dxc5 Rd2 33. f3 Bd5 34. Nd7+ Ke7 35. Nb8 Rc8 36. Nxa6 Nxa6 37. Bxa6 Ra8 38. Bc4 Bxc4 39. Rxc4 Rxa5 40. c6 Raa2 41. c7 Rg2+ 42. Kh1 Rxh2+ 43. Kg1 Rag2+ 44. Kf1 Rf2+ 45. Kg1 Rhg2+ 46. Kh1 Rh2+ 47. Kg1 Rfg2+ 48. Kf1 Rf2+ 49. Kg1 Rfg2+ 50. Kf1 Rf2+ 51. Kg1 Rhg2+ 52. Kh1 1/2-1/2

[Event "PRO League Atlantic"]
[Site "Chess.com INT"]
[Date "2017.02.01"]
[Round "4"]
[White "Stripunsky, Alexander"]
[Black "Noritsyn, Nikolay"]
[Result "0-1"]
[WhiteElo "2536"]
[BlackElo "2468"]
[PlyCount "104"]
[EventDate "2017.01.11"]
[EventType "team-swiss (rapid)"]
[EventRounds "7"]
[EventCountry "USA"]
[SourceTitle "CBM 176 Extra"]
[Source "ChessBase"]
[SourceDate "2017.03.02"]
[SourceVersion "1"]
[SourceVersionDate "2017.03.02"]
[SourceQuality "1"]
[WhiteTeam "New Jersey Knockouts"]
[BlackTeam "Toronto Dragons"]
[WhiteTeamCountry "UAE"]
[BlackTeamCountry "CAN"]

1. e4 c5 2. Nc3 Nc6 3. Bb5 Nd4 4. a4 a6 5. Bc4 d6 6. Nge2 Nf6 7. d3 Nc6 8. 0-0 e6 9. Ng3 Be7 10. f4 d5 11. Ba2 dxe4 12. Ncxe4 0-0 13. c3 b5 14. Be3 Nd5 15. Bd2 f5 16. Ng5 h6 17. Nf3 Rb8 18. axb5 axb5 19. Re1 Bd6 20. Bxd5 exd5 21. d4 Qc7 22. Qc1 Na5 23. Qc2 Nc4 24. Bc1 cxd4 25. cxd4 Bb4 26. Re2 Qb6 27. b3 Nd6 28. Bd2 Bxd2 29. Qxd2 b4 30. Re5 Ne4 31. Qe3 Be6 32. Nh4 Rbc8 33. Ne2 Rc2 34. Re1 Rf6 35. h3 Qc7 36. Kh2 g6 37. Qd3 Bf7 38. Nf3 Rb6 39. Ra1 Rb8 40. Ra7 Qxa7 41. Qxc2 Qb7 42. Qd1 Rc8 43. Qe1 Rc2 44. Nfg1 Kf8 45. Qh4 Kg7 46. Re7 Qc6 47. Nf3 Qf6 48. Neg1 g5 49. Rxf7+ Qxf7 50. fxg5 hxg5 51. Qe1 Qc7+ 52. Ne5 Qc3 0-1

[Event "PRO League Atlantic"]
[Site "Chess.com INT"]
[Date "2017.01.11"]
[Round "1"]
[White "Villanueva, Mario Nicolas"]
[Black "Stripunsky, Alexander"]
[Result "1-0"]
[WhiteElo "2425"]
[BlackElo "2536"]
[PlyCount "65"]
[EventDate "2017.01.11"]
[EventType "team-swiss (rapid)"]
[EventRounds "7"]
[EventCountry "USA"]
[SourceTitle "CBM 176 Extra"]
[Source "ChessBase"]
[SourceDate "2017.03.02"]
[SourceVersion "1"]
[SourceVersionDate "2017.03.02"]
[SourceQuality "1"]
[WhiteTeam "Buenos Aires Krakens"]
[BlackTeam "New Jersey Knockouts"]
[WhiteTeamCountry "ARG"]
[BlackTeamCountry "UAE"]

1. e4 c5 2. Nf3 e6 3. d4 cxd4 4. Nxd4 a6 5. Nc3 Qc7 6. Bd3 Nf6 7. f4 b5 8. e5 b4 9. Na4 Nd5 10. 0-0 Bc5 11. Be4 Bb7 12. Kh1 Ba7 13. Nf5 exf5 14. Bxd5 0-0 15. Bxb7 Qxb7 16. c4 Nc6 17. Qd3 b3 18. axb3 Rab8 19. Ra3 Rfd8 20. Rd1 g6 21. Qc3 Nb4 22. Bd2 d6 23. Qxb4 Qe4 24. Qc3 dxe5 25. Raa1 Rd3 26. Qc2 Rbxb3 27. Nc3 Qxc4 28. Ra4 Rxd2 29. Qxd2 Qc6 30. fxe5 Rxc3 31. Qd8+ Kg7 32. Qf6+ Qxf6 33. exf6+ 1-0

[Event "USA tt KO"]
[Site "ICC INT"]
[Date "2015.11.10"]
[Round "1"]
[White "Stripunsky, Alexander"]
[Black "Paragua, Mark"]
[Result "1/2-1/2"]
[WhiteElo "2557"]
[BlackElo "2510"]
[PlyCount "85"]
[EventDate "2015.11.10"]
[EventType "team-k.o."]
[EventRounds "3"]
[EventCountry "USA"]
[SourceTitle "CBM 169 Extra"]
[Source "ChessBase"]
[SourceDate "2015.12.18"]
[SourceVersion "1"]
[SourceVersionDate "2015.12.18"]
[SourceQuality "1"]
[WhiteTeam "New Jersey"]
[BlackTeam "New York"]
[WhiteTeamCountry "USA"]
[BlackTeamCountry "USA"]

1. d4 Nf6 2. c4 g6 3. Nc3 d5 4. Bg5 Ne4 5. Bh4 Nxc3 6. bxc3 Bg7 7. e3 c5 8. cxd5 Qxd5 9. Qb3 Be6 10. Qxd5 Bxd5 11. Ne2 Nd7 12. f3 e6 13. Nc1 cxd4 14. cxd4 Rc8 15. Bd3 0-0 16. Ne2 Nb6 17. a4 Bc4 18. Kd2 e5 19. a5 Bxd3 20. Kxd3 Nc4 21. Rhc1 Nb2+ 22. Kd2 exd4 23. Nxd4 Rc4 24. Rxc4 Nxc4+ 25. Kd3 Rc8 26. Ra2 f5 27. Bg3 Nxe3 28. Kxe3 Rc3+ 29. Kd2 Bxd4 30. Bf2 Be5 31. Bxa7 Rc6 32. Bg1 Kf7 33. h3 Ke6 34. Bb6 h5 35. Ke2 g5 36. Be3 g4 37. hxg4 hxg4 38. fxg4 fxg4 39. Ra4 Rc2+ 40. Kf1 Kf5 41. Rb4 Ra2 42. Rxb7 Rxa5 43. Rb1 1/2-1/2

[Event "World op 43rd"]
[Site "Arlington"]
[Date "2015.07.03"]
[Round "4"]
[White "Stripunsky, Alexander"]
[Black "Lenderman, Aleksandr"]
[Result "0-1"]
[WhiteElo "2561"]
[BlackElo "2623"]
[PlyCount "79"]
[EventDate "2015.07.01"]
[EventType "swiss"]
[EventRounds "9"]
[EventCountry "USA"]
[SourceTitle "CBM 167 Extra"]
[Source "ChessBase"]
[SourceDate "2015.09.14"]
[SourceVersion "1"]
[SourceVersionDate "2015.09.14"]
[SourceQuality "1"]

1. d4 Nf6 2. Nf3 d5 3. c4 e6 4. e3 b6 5. Nbd2 Bb7 6. b4 Nbd7 7. Rb1 a5 8. b5 Bd6 9. Bb2 Ne4 10. Be2 f5 11. 0-0 Qe7 12. Nxe4 dxe4 13. Ne5 Nxe5 14. dxe5 Bc5 15. Qc2 0-0 16. Rbd1 f4 17. exf4 Rxf4 18. Bd4 e3 19. fxe3 Qg5 20. Bd3 Bxd4 21. exd4 Bxg2 22. Bxh7+ Kh8 23. Qxg2 Rg4 24. Be4 Rd8 25. Kh1 Rxg2 26. Bxg2 Qh4 27. Rd3 Kg8 28. Rfd1 Rd7 29. a4 g5 30. d5 Qxc4 31. d6 cxd6 32. exd6 Qxa4 33. Bc6 Rd8 34. d7 Qc2 35. R3d2 Qc5 36. Rg2 Kf7 37. Rdg1 Kf6 38. Rf1+ Ke7 39. Rgf2 Rh8 40. Rd2 0-1

[Event "USA tt"]
[Site "ICC INT"]
[Date "2014.10.07"]
[Round "7"]
[White "Stukopin, Andrey"]
[Black "Stripunsky, Alexander"]
[Result "1-0"]
[WhiteElo "2556"]
[BlackElo "2549"]
[PlyCount "83"]
[EventDate "2014.08.26"]
[EventType "team-tourn"]
[EventRounds "10"]
[EventCountry "USA"]
[SourceTitle "CBM 162 Extra"]
[Source "ChessBase"]
[SourceDate "2014.10.17"]
[SourceVersion "1"]
[SourceVersionDate "2014.10.17"]
[SourceQuality "1"]
[WhiteTeam "Rio Grande"]
[BlackTeam "New Jersey"]
[WhiteTeamCountry "USA"]
[BlackTeamCountry "USA"]

1. e4 c5 2. Nf3 e6 3. d4 cxd4 4. Nxd4 a6 5. Be2 b5 6. 0-0 Bb7 7. Bf3 Qc7 8. a4 b4 9. Re1 Nc6 10. Nxc6 Bxc6 11. Nd2 Ne7 12. Nc4 Ng6 13. e5 Rc8 14. b3 Be7 15. Bb2 0-0 16. Bxc6 Qxc6 17. g3 f6 18. exf6 Bxf6 19. Bxf6 Rxf6 20. Nd6 Nh4 21. gxh4 Rg6+ 22. Kf1 Qg2+ 23. Ke2 Rc5 24. Qd4 Rd5 25. Qxb4 Rf6 26. Ne4 Qf3+ 27. Kf1 Qh1+ 28. Ke2 Qf3+ 29. Kf1 Rf4 30. Qb8+ Rf8 31. Qg3 Qh1+ 32. Qg1 Qf3 33. Qg2 Qh5 34. Ng3 Qxh4 35. Rad1 Rxd1 36. Rxd1 d5 37. Kg1 Qg4 38. Re1 Rf6 39. c4 dxc4 40. bxc4 Qxc4 41. Qa8+ Rf8 42. Qe4 1-0

[Event "USA tt"]
[Site "ICC INT"]
[Date "2014.09.23"]
[Round "5"]
[White "Korley, Kassa"]
[Black "Stripunsky, Alexander"]
[Result "1-0"]
[WhiteElo "2426"]
[BlackElo "2549"]
[PlyCount "95"]
[EventDate "2014.08.26"]
[EventType "team-tourn"]
[EventRounds "10"]
[EventCountry "USA"]
[SourceTitle "CBM 162 Extra"]
[Source "ChessBase"]
[SourceDate "2014.10.17"]
[SourceVersion "1"]
[SourceVersionDate "2014.10.17"]
[SourceQuality "1"]
[WhiteTeam "Carolina"]
[BlackTeam "New Jersey"]
[WhiteTeamCountry "USA"]
[BlackTeamCountry "USA"]

1. e4 c5 2. Nf3 e6 3. d4 cxd4 4. Nxd4 a6 5. Nc3 Qc7 6. Qd3 Nc6 7. Nxc6 dxc6 8. Qg3 Qxg3 9. hxg3 e5 10. Be3 Nf6 11. f3 Be6 12. g4 Nd7 13. g5 a5 14. g3 Bc5 15. Kf2 b5 16. f4 g6 17. Bh3 Bxe3+ 18. Kxe3 Nc5 19. Rad1 Rd8 20. Rxd8+ Kxd8 21. a3 a4 22. Bxe6 Nxe6 23. Na2 Kc7 24. Nb4 Nc5 25. Nd3 Nxd3 26. cxd3 exf4+ 27. gxf4 Kd6 28. d4 c5 29. dxc5+ Kxc5 30. Rc1+ Kb6 31. Rh1 Kc5 32. Kd3 Rd8+ 33. Kc3 Rd4 34. Rxh7 Rxe4 35. Rxf7 Re3+ 36. Kc2 Rf3 37. Rf6 Kc4 38. Rc6+ Kd4 39. Rxg6 Rf2+ 40. Kb1 Rf1+ 41. Ka2 Rxf4 42. Rg8 Rg4 43. g6 Ke5 44. Rb8 Kf6 45. Rxb5 Kxg6 46. Rb4 Kf5 47. Rxg4 Kxg4 48. Kb1 1-0

[Event "USA tt"]
[Site "ICC INT"]
[Date "2014.09.09"]
[Round "3"]
[White "Stripunsky, Alexander"]
[Black "Perdomo, Carlos Andres"]
[Result "1/2-1/2"]
[WhiteElo "2549"]
[BlackElo "2347"]
[PlyCount "200"]
[EventDate "2014.08.26"]
[EventType "team-tourn"]
[EventRounds "10"]
[EventCountry "USA"]
[SourceTitle "CBM 162 Extra"]
[Source "ChessBase"]
[SourceDate "2014.10.17"]
[SourceVersion "1"]
[SourceVersionDate "2014.10.17"]
[SourceQuality "1"]
[WhiteTeam "New Jersey"]
[BlackTeam "Atlanta"]
[WhiteTeamCountry "USA"]
[BlackTeamCountry "USA"]

1. c4 e6 2. Nc3 c5 3. Nf3 Nf6 4. g3 b6 5. Bg2 Bb7 6. 0-0 Be7 7. b3 d5 8. cxd5 Nxd5 9. Nxd5 Bxd5 10. Bb2 0-0 11. Qc2 Na6 12. Bc3 Bf6 13. Rfd1 Rc8 14. Rac1 Nc7 15. Bxf6 Qxf6 16. e4 Bb7 17. d4 Nb5 18. e5 Qh6 19. dxc5 Bxf3 20. Bxf3 Rxc5 21. Qb2 Nd4 22. Bg4 Qg5 23. f4 Qxg4 24. Rxd4 h5 25. b4 Rxc1+ 26. Qxc1 Qf3 27. Qc4 Qb7 28. Qd3 b5 29. Rd7 Qc6 30. Rd6 Qc1+ 31. Kg2 Qb2+ 32. Qd2 Qb1 33. a3 Qe4+ 34. Kh3 Qf5+ 35. Kg2 Qe4+ 36. Kg1 g6 37. Qd3 Qb7 38. Rd7 Qc6 39. Rd6 Qc1+ 40. Kg2 Kg7 41. Kh3 Rc8 42. Rd7 h4 43. Kg4 hxg3 44. Kg5 Qc2 45. hxg3 Qxd3 46. Rxd3 Rc7 47. g4 a5 48. Rd6 axb4 49. axb4 Rc4 50. Rd7 Rxb4 51. f5 gxf5 52. gxf5 Re4 53. f6+ Kg8 54. Rb7 b4 55. Kh5 b3 56. Rxb3 Kh7 57. Rb5 Rf4 58. Kg5 Rf5+ 59. Kg4 Kg6 60. Ra5 Rh5 61. Rb5 Rh8 62. Rb4 Rd8 63. Kf4 Rd1 64. Re4 Rf1+ 65. Kg4 Rg1+ 66. Kf4 Kh5 67. Re2 Rg4+ 68. Kf3 Kg5 69. Rh2 Ra4 70. Rh7 Kf5 71. Rh5+ Kg6 72. Rh8 Kg5 73. Ke3 Kf5 74. Rh5+ Kg6 75. Rh8 Rg4 76. Rf8 Kf5 77. Rxf7 Kxe5 78. Rg7 Re4+ 79. Kd3 Rf4 80. f7 Kd6 81. Ke3 Rf1 82. Ke4 Ke7 83. f8Q+ Kxf8 84. Ra7 Rf7 85. Rxf7+ Kxf7 86. Ke5 Ke7 87. Ke4 Kf6 88. Kf4 e5+ 89. Ke4 Ke6 90. Ke3 Kf5 91. Kf3 e4+ 92. Ke3 Ke5 93. Ke2 Kf4 94. Kf2 e3+ 95. Ke2 Ke4 96. Ke1 Kd4 97. Ke2 Ke4 98. Ke1 Kf3 99. Kf1 e2+ 100. Ke1 Ke3 1/2-1/2

[Event "Foxwoods op"]
[Site "Mashantucket"]
[Date "2014.01.24"]
[Round "5"]
[White "Hungaski, Robert Andrew"]
[Black "Stripunsky, Alexander"]
[Result "1/2-1/2"]
[WhiteElo "2462"]
[BlackElo "2549"]
[PlyCount "105"]
[EventDate "2014.01.03"]
[EventType "swiss"]
[EventRounds "9"]
[EventCountry "USA"]
[SourceTitle "CBM 158 Extra"]
[Source "ChessBase"]
[SourceDate "2014.02.28"]
[SourceVersion "1"]
[SourceVersionDate "2014.02.28"]
[SourceQuality "1"]

1. d4 d5 2. c4 e6 3. Nf3 c5 4. cxd5 exd5 5. g3 Nc6 6. Bg2 Nf6 7. 0-0 Be7 8. dxc5 Bxc5 9. Bg5 Be6 10. Nc3 0-0 11. Rc1 Bb6 12. b3 Re8 13. e3 Qd7 14. Bxf6 gxf6 15. Nh4 Ne7 16. Qh5 Kg7 17. h3 Rac8 18. Rfd1 Rc6 19. Ne2 Qc7 20. Rxc6 bxc6 21. Qf3 Ng6 22. Nf5+ Bxf5 23. Qxf5 Qe5 24. Qc2 Re6 25. Nd4 Bxd4 26. Rxd4 Qd6 27. Qd2 Qe7 28. Ra4 Qc5 29. e4 dxe4 30. Bxe4 Rd6 31. Qc2 Qe5 32. Rxa7 Qa1+ 33. Kg2 Ne5 34. Qc5 Rd8 35. Qe7 Qe1 36. Qxd8 Qxe4+ 37. Kf1 Nd3 38. Qb6 c5 39. Qb7 Qe1+ 40. Kg2 Qxf2+ 41. Kh1 Qf1+ 42. Kh2 Ne5 43. g4 Qf2+ 44. Kh1 c4 45. bxc4 Qf1+ 46. Kh2 Qf2+ 47. Kh1 Qe3 48. Kg2 Kh6 49. Ra6 Qe2+ 50. Kg3 Qe3+ 51. Kg2 Qe2+ 52. Kg3 Qe1+ 53. Kg2 1/2-1/2

[Event "Continental Class-ch 4th"]
[Site "Arlington"]
[Date "2013.10.14"]
[Round "9"]
[White "Stripunsky, Alexander"]
[Black "Gerzhoy, Leonid"]
[Result "1/2-1/2"]
[WhiteElo "2549"]
[BlackElo "2478"]
[PlyCount "69"]
[EventDate "2013.10.09"]
[EventType "swiss"]
[EventRounds "9"]
[EventCountry "USA"]
[SourceTitle "CBM 156 Extra"]
[Source "ChessBase"]
[SourceDate "2013.10.22"]
[SourceVersion "1"]
[SourceVersionDate "2013.10.22"]
[SourceQuality "1"]

1. d4 Nf6 2. Nf3 g6 3. Bf4 Bg7 4. e3 0-0 5. Be2 d6 6. h3 b6 7. 0-0 Bb7 8. c4 Nbd7 9. Nc3 Ne4 10. Nxe4 Bxe4 11. Qa4 e5 12. dxe5 dxe5 13. Bg3 Qe7 14. Rad1 Nc5 15. Qa3 a5 16. Nd2 Bc6 17. Nb3 f5 18. Nxc5 bxc5 19. f3 e4 20. fxe4 Bxe4 21. Bf3 Rfb8 22. Bxe4 Qxe4 23. b3 a4 24. Qxc5 axb3 25. axb3 Rxb3 26. Rf3 Rc3 27. Qxc7 Rxc4 28. Qb6 Qc6 29. Rd8+ Rxd8 30. Qxd8+ Kf7 31. Rf2 Bf6 32. Qd3 Rc3 33. Qd2 Qe6 34. Bf4 Rc8 35. Qa2 1/2-1/2

[Event "USA tt"]
[Site "ICC INT"]
[Date "2013.10.01"]
[Round "6"]
[White "Ivanov, Alexander"]
[Black "Stripunsky, Alexander"]
[Result "0-1"]
[WhiteElo "2524"]
[BlackElo "2551"]
[PlyCount "134"]
[EventDate "2013.08.27"]
[EventType "team-tourn"]
[EventRounds "10"]
[EventCountry "USA"]
[SourceTitle "CBM 156 Extra"]
[Source "ChessBase"]
[SourceDate "2013.10.22"]
[SourceVersion "1"]
[SourceVersionDate "2013.10.22"]
[SourceQuality "1"]
[WhiteTeam "New England"]
[BlackTeam "New Jersey"]
[WhiteTeamCountry "USA"]
[BlackTeamCountry "USA"]

1. e4 c5 2. Nf3 e6 3. d4 cxd4 4. Nxd4 a6 5. Bd3 Qc7 6. 0-0 Nf6 7. Qe2 d6 8. c4 g6 9. Nc3 Bg7 10. Be3 0-0 11. Rac1 Nbd7 12. h3 b6 13. Bb1 Bb7 14. Rfd1 Rfc8 15. b3 Qd8 16. Nf3 Ne8 17. Qd2 Qe7 18. Bh6 Bxh6 19. Qxh6 Qf6 20. Qe3 Rab8 21. Nh2 Rc7 22. Ng4 Qg7 23. f4 h5 24. Nf2 Rbc8 25. Ne2 e5 26. fxe5 Qxe5 27. Nd4 b5 28. Nf3 Qb2 29. Nd3 Qg7 30. cxb5 axb5 31. Rxc7 Rxc7 32. Nd4 Ndf6 33. Nxb5 Re7 34. Nf2 d5 35. e5 Nd7 36. Nd3 Nxe5 37. Nxe5 Rxe5 38. Qf4 Ba6 39. Nd4 Re7 40. Nf3 Be2 41. Re1 Qf8 42. Nd4 Ba6 43. Rxe7 Qxe7 44. Qd2 Nd6 45. a4 h4 46. Bc2 Qe5 47. Nf3 Qe6 48. Nd4 Qf6 49. Qf2 Qg5 50. Qe1 Qf4 51. Qf2 Qc1+ 52. Kh2 Qg5 53. Nf3 Qf4+ 54. Kg1 Ne4 55. Qe1 Ng3 56. Qe8+ Kh7 57. Bd1 d4 58. Qd8 Be2 59. Qxd4 Qxd4+ 60. Nxd4 Bxd1 61. a5 Ne2+ 62. Nxe2 Bxe2 63. Kf2 Ba6 64. Ke3 g5 65. b4 f5 66. Kd4 g4 67. Ke5 Kg6 0-1